alg: 39206885
001A    $01999:11-11-16 
001B    $01999:29-03-21 $t21:47:40.000 
001C    $06050:19-11-16 $t15:08:37.000 
001D    $01999:11-11-16 
001U    $0utf8 
001X    $00 
002@    $0Aox 
003@    $0392068850 
007A    $0392068850 $aHEB 
007T    $0Herd00639 
010@    $ager 
011@    $a1995 
021A    $aOberst Fullriede - der Gneisenau des März 1945? 
028A    $aJancke $dPeter 
031A    $d74 $h1792-1796 $j1995 
039B    $aIn $8--Abvc--Vereinigung Ehemaliger Schüler des Dom- und Real-Gymnasiums zu Kolberg (Ostseebad), Pommern [Tb1]. Mitteilungen der Vereinigung Ehemaliger Schüler des Dom- und Real-Gymnasiums zu Kolberg, Ostseebad, Pommern. - Hamburg : [Verlag nicht ermittelbar], 1970-2020 $x199500000740000208 $9054887488 
045F    $a900.94381609043 $eDDC23BSB 
045F/01 $a900 
045F/03 $f09043 
045F/03 $f09044 
045F/03 $g43816 
045T    $a7,41 $a8,1 

lok: 39206885 78

exp: 39206885 78 1 #EPN
201B/01 $019-04-17 $t10:59:36.000 
201U/01 $0utf8 
203@/01 $0788164848 
208@/01 $a11-11-16 $be 
209A/01 $a/ $f000 $x00 
220C/01 $aTitelaufnehmer: nk 
244Z/01 $2Trx $#Pomeranija $#Pommern $#Pomoransko $#Pomořansko $#Hinterpommern;Vorpommern;Mittelpommern $#Pomorze Środkowe;Pomorze Przednie $#Pomořansko;Západní Pomořany; Pomořany $8--Trx--Pomorze Zachodnie $x01 $9391303775 
244Z/01 $aGeschichte 1945 $x02 
244Z/01 $2Trx $8--Trx--Fullriede, Fritz Wilhelm Hermann$Z1895-1969 $x03 $9390623946 
244Z/01 $2Trx $#maailmasõda, teine 1939-1945 $#Antrasis pasaulinis karas 1939-1945 $#World War, Second 1939-1945 $#világháború. második 1939-1945 $#wojna światowa, druga 1939-1945 $#vojna svetová II. 1939-1945 $#válka druhá světová 1939-1945 $#Zweiter Weltkrieg $8--Trx--Weltkrieg, Zweiter$g1939-1945 $x04 $939138239X 
244Z/01 $2Trx $8--Trx--Zeitschriftenaufsatz $x05 $9391384341 
245Z/01 $a06.04.03 $x01 
247C/01 $82080>Marburg/Lahn, Herder-Institut, Forschungsbibliothek, Bibliographieportal $9336309341
LEADER 00000caa a22000002c 4500
001 392068850
003 DE-603
005 20210329214740.0
007 tu
008 161111s1995 xx |||| | u00||u|ger c
035 |a (DE-599)HEB392068850 
040 |a DE-603  |b ger  |c DE-603  |d DE-603 
041 |a ger 
082 0 4 |8 1\u  |a 900.94381609043  |q DE-101  |2 23/BSB 
084 |a 7,41  |a 8,1  |2 ssgn 
085 |8 1\u  |b 900 
085 |8 1\u  |z 1  |s 09043 
085 |8 1\u  |z 1  |s 09044 
085 |8 1\u  |z 2  |s 43816 
100 1 |a Jancke, Peter 
245 0 0 |a Oberst Fullriede - der Gneisenau des März 1945? 
264 0 |c 1995 
773 0 8 |i In  |a Vereinigung Ehemaliger Schüler des Dom- und Real-Gymnasiums zu Kolberg (Ostseebad), Pommern  |t Mitteilungen der Vereinigung Ehemaliger Schüler des Dom- und Real-Gymnasiums zu Kolberg, Ostseebad, Pommern  |d Hamburg : [Verlag nicht ermittelbar], 1970-2020  |h 30 cm  |g Band 74 (1995), Seite 1792-1796  |w (DE-603)054887488  |w (DE-600)1361441-1 
924 0 |9 2080  |a (DE-603)788164848  |b DE-2080  |c HES  |d d  |g /